000 00803nam a22001697a 4500
003 JO-AjAnu
005 20240330120606.0
008 240330b jo ||||| |||| 00| 0 ara d
040 _aJO-AjAnu
_cANU
041 _aARA
111 _aالخطاب السامي لصاحب الجلالة الهاشمية الملك عبد الله الثاني ابن الحسين المعظم
_965179
245 _aالخطاب السامي لصاحب الجلالة الهاشمية الملك عبد الله الثاني ابن الحسين المعظم
260 _aالأردن :
_bالديوان الملكي الهاشمي،
_c2022
300 _a277 ورقه
611 _vالخطابات الملكية-الملك عبد الله الثاني-الديوان الملكي-الأردن
942 _2lcc
_cREF
_n0
999 _c33370
_d33370